000 00740cam a2200217 a 4500
003 OSt
005 20250415161923.0
008 940801t00001973sp 0 spa d
040 _aCO-BoPUJ
_cCO-JMCR
082 0 4 _aA-N
_bLAWm
100 1 _aLawrence, Margery,
_eautor
_91130
245 3 _aLa madona de las siete lunas /
_cMargery Lawrence ; traducción, J. Romero de Tejada
260 _aBarcelona :
_bCirculo de Lectores,
_c1970
300 _a336 páginas ;
_c20 cm.
505 _aMaddalena -- Rosanna -- La Madona de las siete lunas
546 1 _aTraducido el Inglés.
546 1 _aTitulo original: The madonna of seven moons
650 2 4 _aNovela inglesa
_9193
700 1 _aRomero de Tejada, J.,
_etraductor
_91131
942 _2ddc
_cBK
999 _c6636
_d6636